00488 2200193 4500001002100000005001500021008004100036020002200077035001900099041000700118082001000125090001600135100001400151245001300165260005200178300002900230500000600259650002900265INLIS00000000000298520241224112634241224||||||||| | ||| |||| || |  a978-979-17708-8-0 0010-1224002985 aen0 a741.3 a741.3 AMD t0 aR. Amdani00aThe Raid aBandungbCV. Curhat Anak Bangsa dan Mizanc2012 a120 hlm.; ilus.: 23,5 cm a2 0aKesenian -- cerita fiksi